LEADER 01440nam 2200409 a 450 001 9910700182503321 005 20110919153457.0 035 $a(CKB)5470000002407138 035 $a(OCoLC)753575910 035 $a(EXLCZ)995470000002407138 100 $a20110919d2011 ua 0 101 0 $aeng 135 $aurbn||||||||| 181 $ctxt$2rdacontent 182 $cc$2rdamedia 183 $acr$2rdacarrier 200 00$aConservation Reserve Enhancement Program$b[electronic resource] $eSkaneateles Lake, New York 210 1$a[Washington, D.C.] :$cU.S. Dept. of Agriculture, Farm Service Agency,$d[2011] 215 $a1 online resource (2 pages) 225 1 $aFact sheet 300 $aTitle from title screen (viewed on Sept. 19, 2011). 300 $a"February 2011." 517 $aConservation Reserve Enhancement Program 606 $aWellhead protection$zNew York (State)$zSkaneateles Lake 606 $aConservation of natural resources$zNew York (State)$zSkaneateles Lake 606 $aEnvironmental protection$zNew York (State)$zSkaneateles Lake 615 0$aWellhead protection 615 0$aConservation of natural resources 615 0$aEnvironmental protection 712 02$aUnited States.$bFarm Service Agency. 801 0$bGPO 801 1$bGPO 801 2$bGPO 906 $aBOOK 912 $a9910700182503321 996 $aConservation Reserve Enhancement Program$93481002 997 $aUNINA LEADER 01253nam0 22002891i 450 001 UON00270053 005 20231205103751.266 100 $a20051129d1979 |0itac50 ba 101 $afre 102 $aCH 105 $a|||| ||||| 200 1 $aCharles VIII et les Italiens$ehistoire et mythes$fAnne Denis 210 $aGenève$cLibrairie Droz$d1979 215 $a185 p., 1 c. di tav.$cill.$d26 cm. 410 1$1001UON00285222$12001 $aTravaux d'humanisme et renaissance$1210 $aGenève$cLibrairie Droz$v167 606 $aCarlo 8. Re di Francia$xItalia$xInfluenza$3UONC059327$2FI 606 $aItalia$xStoria$xSec. 16.$3UONC075465$2FI 620 $aCH$dGenève$3UONL003003 676 $a945.054$cStoria generale d'Europa. Europa occidentale. Italia$v21 700 1$aDENIS$bAnne$3UONV160349$0315986 712 $aLibrairie Droz$3UONV246942$4650 801 $aIT$bSOL$c20260313$gRICA 899 $aSIBA - SISTEMA BIBLIOTECARIO DI ATENEO E ARCHIVIO STORICO$2UONSI 912 $aUON00270053 950 $aSIBA - SISTEMA BIBLIOTECARIO DI ATENEO E ARCHIVIO STORICO$dSI FS 08208 $eSI FP 18867 5 996 $aCharles VIII et les Italiens$91240189 997 $aUNIOR